000
00205nam a2200085Ia 4500
008
250129s9999 xx 000 0 und d
041
_a
eng
245
_a
Journal of statics & Management Systems
260
_c
2023
999
_c
43265
_d
43265